| 000 | 01384 am a2200349ua 4500 | ||
|---|---|---|---|
| 999 |
_c29386 _d29357 |
||
| 001 | 011952612 | ||
| 003 | EG-ScBUE | ||
| 005 | 20210823104311.0 | ||
| 008 | 910905s1990 nyu f b 001 0 eng d | ||
| 020 | _a9780393308617 | ||
| 020 | _a0393308618 | ||
| 040 |
_aUk _beng _erda _cUk _dEG-ScBUE |
||
| 082 | 0 | 4 |
_a820.9005 _bHUN _222 |
| 100 | 1 |
_aHunter, J. Paul _q(James Paul), _d1934- _eauthor. |
|
| 245 | 1 | 0 |
_aBefore novels : _bthe cultural contexts of eighteenth-century : English fiction / _cJ. Paul Hunter. |
| 264 | 1 |
_aNew York ; _aLondon : _bW.W. Norton & Company, _c1990. |
|
| 300 |
_axxiv, 421 pages ; _c25 cm |
||
| 336 |
_atext _2rdacontent _btxt |
||
| 337 |
_aunmediated _2rdamedia _bn |
||
| 338 |
_avolume _2rdacarrier _bnc |
||
| 504 | _aIncludes bibliographical references and index. | ||
| 650 | 7 |
_aEnglish fiction _y18th century _xHistory and criticism. _2BUEsh |
|
| 650 | 7 |
_aLiterature and society _zEngland _xHistory _y18th century. _2BUEsh |
|
| 650 | 7 |
_aBooks and reading _zEngland _xHistory _y18th century. _2BUEsh |
|
| 650 | 7 |
_aPopular culture _zEngland _yHistory _x18th century. _2BUEsh |
|
| 650 | 7 |
_aLiteracy _zEngland _xHistory _y18th century. _2BUEsh |
|
| 653 | 1 |
_aEnglish literature _aHistory, 1702-1745 _bHHUUEENN _cAugust2021 |
|
| 655 |
_vReading book _934232 |
||
| 942 |
_2ddc _cBB |
||